Studies in cost analysis
| Main Author: | |
|---|---|
| Format: | Book |
| Published: |
London :
Sewwt and Maxwell Limited ,
1968
|
| Edition: | 2nd. Edn |
| Subjects: |
MARC
| LEADER | 00000cam a2200000 7i4500 | ||
|---|---|---|---|
| 001 | 0000008025 | ||
| 005 | 20161223.0 | ||
| 020 | |a 0421101903 | ||
| 040 | |a INS | ||
| 090 | 0 | 0 | |a HF5686.C8 |b S65 1968 |
| 100 | 0 | |a Solomons, David | |
| 245 | 1 | 0 | |a Studies in cost analysis |c edited by David Solomons |
| 250 | |a 2nd. Edn | ||
| 260 | |a London : |b Sewwt and Maxwell Limited , |c 1968 | ||
| 300 | |a 561 p. ; |c 25 cm. | ||
| 650 | 0 | 0 | |a Address,Essays,lectures |
| 650 | 0 | 0 | |a Cost Accounting |
| 700 | 1 | |a Solomons, David | |
| 999 | |a 0000023051 |b BOOK |c Open Shelf |e Default branch | ||